[Event "EU-Cup 21st"]
[Site "Saint Vincent"]
[Date "2005.09.21"]
[Round "4.3"]
[White "Ribli, Zoltan"]
[Black "Thorfinnsson, Bjorn"]
[Result "1-0"]
[WhiteElo "2591"]
[BlackElo "2328"]
[Annotator "Marin,M"]
[PlyCount "51"]
[EventDate "2005.09.18"]
[EventType "team-swiss"]
[EventRounds "7"]
[EventCountry "ITA"]
[SourceTitle "CBM 110"]
[Source "ChessBase"]
[SourceDate "2006.01.31"]
[SourceVersion "1"]
[SourceVersionDate "2006.01.31"]
[SourceQuality "1"]
[WhiteTeam "Tegernsee"]
[BlackTeam "Reykjavik Hellir"]
[WhiteTeamCountry "GER"]
[BlackTeamCountry "ISL"]

1. Nf3 d5 2. g3 c6 3. Bg2 Nf6 4. O-O Bf5 5. b3 Nbd7 6. Bb2 Qc7 {Not a very
popular plan. After developing the bishop on f5, Black generally plans to
prepare for it a safe retreat with a further ...h6. This doesn't fit together
well with weakening the f5-square by advancing the e-pawn on e5.} 7. d3 e5 8.
Nbd2 {Black will not be able to prevent the move e2-e4, either with the
support of the queen (Qe1) or without it (by tactical means, as in the game).
In either case, White will obtain a position similar with those where Black
develops the bishop on g4, but practically with an extra tempo.} Bd6 {The
queen's position on c7 is rather unusual in combination with Bd6. The queen
would have stand better on e7, but achieving this setup was obviously
impossible.} ({In case of} 8... Bc5 {White can also play} 9. e4 $14 (9. a3 O-O
10. b4 Be7 11. c4 d4 12. Nb3 Rfe8 13. Re1 Rad8 14. h3 c5 $13 {0-1 Bezold,M 
(2490)-Sammour Hasbun,J (2370)/Mermaid Beach 1998/CBM 062 ext (37)}) 9... dxe4
$6 10. dxe4 Bxe4 $2 (10... Nxe4 $2 11. Nxe4 Bxe4 12. Nxe5 Bxg2 13. Kxg2 $32)
11. Nxe4 Nxe4 12. Nxe5 $16 {^^}) ({The most solid move is probably} 8... Be7 {
. From a general point of view, the cmbination of Qc7 and Be7 is entirely
sound. Concretely, the bishop controls the h4-square, which is quite important
in one of the variations presented below.} 9. Qe1 (9. e4 dxe4 10. dxe4 Nxe4 $1
{and since Nh4 is not good, Black seems to be out of trouble here.} (10... Bxe4
11. Nxe4 Nxe4 12. Nxe5 $16)) (9. Nh4 Be6 10. e4 dxe4 $6 {There was no need to
release the tension in the centre.} (10... O-O $142) 11. dxe4 O-O 12. Nf5 Bc5
13. g4 $5 Rfd8 14. g5 Ne8 15. Qg4 $36 Bf8 16. Qg3 Qa5 17. Nf3 Nd6 $2 18. Nh6+
Kh8 19. Nxe5 $16 Nxe5 20. Bxe5 Ne8 $2 21. Bh3 $18 Rd7 22. g6 {1-0 Movsziszian,
K (2485)-Neumann,A/Dresden 1993/TD}) 9... O-O 10. e4 {lookslike the
criticalline.}) 9. e4 $1 {A perfectly justified pawn sacrifice. With his king
in the centre Black faces certain risks if he accepts the present.} ({The more
modest} 9. Qe1 {is also possible, of course.}) 9... dxe4 {It is probably wiser
for Black to maintain the tension in the centre, but in this game he felt
inclined to accept the sacrifice.} (9... Bg6 10. Nh4 O-O (10... Bh5 11. Qe1 O-O
12. Nf5 Bc5) 11. Qe2 (11. Nxg6 hxg6 12. exd5 cxd5 13. c4 $14 {[%cal Yg2a8]})
11... Rae8 (11... Rfe8 {[%cal Ya8d8]}) (11... Bh5) 12. Kh1 dxe4 $6 13. dxe4 Bh5
14. Bf3 (14. f3 {[%cal Yg2h3,Yh4f5]}) (14. Qe1 {[%cal Yg2h3,Yh4f5]}) 14...
Bxf3+ 15. Qxf3 g6 16. Nc4 Be7 17. Rad1 b5 $11 {1-0 Glek,I (2575)-Van Dijk,T 
(2277)/Vlaardingen 2005/CBM 108 ext (71)}) 10. dxe4 Bxe4 $146 (10... Nxe4 $2
11. Nh4 $18) (10... Be6 11. Qe2 (11. Ng5 Bg4) 11... b5 12. h3 {[%cal Yf3g5]} h6
13. a4 O-O 14. Nh4 a6 15. Nf5 $14 {[%csl Yg7,Yh6] 1-0 Odendahl,R (2376)-Van
Roosmalen,S (2089)/Dieren 2005/CBM 107 ext (37)}) (10... Bg4 11. Nc4) 11. Nc4 (
11. Nxe4 {is inoffensive because of} Nxe4 12. Nxe5 Bxe5 13. Bxe5 Nxe5 14. Bxe4
O-O $11 {when the knight is not weaker than the bishop, while Black's
development is entirely satisfactory.}) 11... Be7 ({Black probably felt that
the bishop would be slightly exposed after} 11... Bc5) 12. Nfxe5 Bxg2 13. Kxg2
Rd8 ({In case of} 13... O-O 14. Re1 Rfe8 15. Qf3 {Black hardly has anything
better than} Rad8 {transposing to the game.}) 14. Qf3 O-O 15. Rfe1 $14 {
In spite of the practically symmetrical pawn strucutre, White's more active
pieces promisse him dangerous initiative. The pressure along the a1-h8
diagonal is especially unpleasant for Black.} Rfe8 ({Black's possibly best
chance to neutralize White's pressure consisted of} 15... Nd5 {[%cal Ye7f6]})
16. Rad1 Bf8 $6 {This natural retreat allows an elegant and efficient
combination. Black's problem is that he cannot easily find an entirely
satisfactory form of releasing the tension in the centre.} (16... Nxe5 $2 17.
Bxe5 Qc8 18. Bxf6 gxf6 $8 (18... Bxf6 19. Rxe8+ Rxe8 20. Nd6 $18) 19. Ne3 $16)
(16... Nc5 17. Ne3 $14 {[%cal Ye3f5]}) 17. Rxd7 $1 Rxd7 18. Ng4 Re6 $8 (18...
Rxe1 19. Nxf6+ Kh8 20. Qf5 g6 21. Nxd7+ Kg8 22. Qf6 $18) (18... Nxg4 19. Rxe8
Nh6 $6 20. Be5 $18 {[%csl Yc7]}) 19. Rxe6 fxe6 20. Bxf6 h5 (20... Rf7 21. Be5
$1) 21. Nge5 Rd5 22. Bg5 b5 (22... Rxe5 23. Bf4 Bd6 24. Bxe5 Bxe5 25. Qxh5 $18
{[%csl Ye5,Ye6][%cal Gh5e5,Rh5e8,Re8e6]}) 23. Ng6 Qf7 (23... Rf5 24. Bf4 Rxf4
25. Nxf4 bxc4 26. Nxe6 Qd6 27. Qxf8+ $18) 24. Qxf7+ Kxf7 25. Nce5+ Ke8 26. Be3
1-0

[Event "Primavara"]
[Site "Bucharest"]
[Date "1998.??.??"]
[Round "1"]
[White "Svetushkin, Dmitry"]
[Black "Berezin, Oleg"]
[Result "1-0"]
[WhiteElo "2415"]
[BlackElo "2455"]
[Annotator "Marin,M"]
[PlyCount "49"]
[EventDate "1998.??.??"]
[EventType "tourn"]
[EventRounds "15"]
[EventCountry "ROU"]
[EventCategory "9"]
[SourceTitle "EXT 1999"]
[Source "ChessBase"]
[SourceDate "1998.11.16"]
[SourceVersion "1"]
[SourceVersionDate "1998.11.16"]
[SourceQuality "1"]

1. g3 d5 2. Nf3 c6 3. Bg2 Bg4 4. O-O Nd7 5. d3 e6 6. Nbd2 Bd6 7. e4 Ne7 8. b3
O-O 9. Bb2 a5 10. a3 b5 11. Qe2 Rb8 12. Qe3 Bh5 13. h4 Bg6 14. Rfe1 Kh8 $2 (
14... h6) (14... e5) 15. h5 $3 Bc5 (15... Bxh5 16. Qh6 $18) 16. d4 dxe4 $8 17.
dxc5 exf3 18. hxg6 Nd5 (18... fxg2 19. Qh6 Nf6 20. Bxf6 $18) 19. Qxf3 $18 Qg5
20. Qd3 hxg6 21. Bxd5 exd5 22. Nf3 Qh5 23. Kg2 Kg8 24. Rh1 Nxc5 25. Qe3 1-0

[Event "Minneapolis HB Global op"]
[Site "Minneapolis"]
[Date "2005.05.21"]
[Round "7"]
[White "Panchanathan, Magesh Chandran"]
[Black "Shabalov, Alexander"]
[Result "1/2-1/2"]
[WhiteElo "2473"]
[BlackElo "2593"]
[Annotator "Marin,M"]
[PlyCount "111"]
[EventDate "2005.05.18"]
[EventType "swiss"]
[EventRounds "9"]
[EventCountry "USA"]
[SourceTitle "CBM 107"]
[Source "ChessBase"]
[SourceDate "2005.08.01"]
[SourceVersion "1"]
[SourceVersionDate "2005.08.01"]
[SourceQuality "1"]

1. Nf3 d5 2. g3 Bg4 3. Bg2 Nd7 4. d4 e6 5. O-O Bd6 6. c4 c6 7. Nbd2 f5 {
This is a rather provocative variation. Black's strategic aim is obvious: if
compared with a normal Dutch Stonewall, he managed to develop his light
squared bishop on an active square in one move, rather than having to go
slowly to d7-e8-h5. However, carrying out this idea at such an early stage of
the game is rather dangerous, since the development of the king side is
neglected.} 8. Qb3 Rb8 9. Ne5 $5 {A rare move. Although White's play is rather
attractive in what is considered to be the main line, this experiment
certainly has value from artistic point of view.} ({White usually plays} 9. Re1
{which is not only a prophylactic move, defending the e2-pawn in order to
enable knight jumps to either g5 or e5, but is also connected with the
tactical idea of opening the e-file by means of e4 followed by a piece
sacrifice. Developing the knight to either h6 or f6 seems to allow White get a
very strong attack, but maybe defending the e6-pawn in advance with the queen
offers better chances of getting out of the opening alive.} Qf6 {had been
Shabalov's choice ten year earlier:} (9... Ngf6 10. Ng5 Qe7 11. f3 h6 (11...
Bh5 12. e4 {Hug,W-Lobron,E/Garmisch-Partenkirchen 25' (02)/1994/1-0 (28)}) 12.
Nxe6 $1 Qxe6 13. fxg4 $16 {1-0 Speelman,J (2610)-Garcia,P (2290)/Cordoba 1995/
EXT 2000 (28)}) (9... Nh6 10. cxd5 cxd5 11. h3 Bh5 12. e4 $3 {[%cal Ge1e8] 1-0
Kramnik,V (2730)-Beliavsky,A (2650)/Belgrade 1995/CBM 051/[Ftacnik] (18)}) (
9... Qe7 10. Ne5 Bh5 $5 (10... Nxe5 11. dxe5 Bxe5 12. cxd5 exd5 13. e4 $1 fxe4
14. Nxe4 dxe4 15. Rxe4 Nf6 16. Bg5 Be6 $6 (16... Qe6 17. Qxe6+ Bxe6 18. Rxe5
Kf7 19. a4 Rhe8 20. a5 a6 21. Rae1 $14) 17. Qe3 Nd5 18. Qd2 $5 Qf7 19. Rxe5 O-O
20. Rae1 $16 {Tkachiev,V-Tregubov,P/Wijk aan Zee/1995/1-0 (32) ;CBM 46}) (10...
Ngf6 11. Nxg4 Nxg4 12. cxd5 exd5 13. e4 O-O 14. e5 $16 {1-0 Tkachiev,V (2575)
-Winants,L (2500)/Wijk aan Zee 1995/CBM 046 (40)}) 11. cxd5 cxd5 $8 12. Nxd7 $6
(12. Ndf3 $5) (12. f3 $5) (12. Ndf3 Ngf6 13. Bf4 O-O {0.5/Berkovich,M-Van der
Wiel,J/Amsterdam Donner op (04)/ 1995}) 12... Qxd7 13. f3 Ne7 $13) 10. Ne5 $5 (
10. cxd5 cxd5 11. Qa4 Ne7 12. Ne5 b5 13. Qa6 Bxe5 14. dxe5 Nxe5 15. Nf3 Bxf3
16. exf3 N5c6 $15 {0-1 Schebler,G (2484)-Vaganian,R (2667)/Belgium 2002/EXT
2004 (31)}) 10... Bxe5 11. dxe5 Qd8 12. cxd5 cxd5 13. Qa3 a6 14. Nb3 Qe7 15.
Qa4 (15. Qd6 $5) 15... Rc8 16. Na5 b5 17. Qd4 $14 {1/2-1/2 Ivanov,M (2450)
-Shabalov,A (2570)/Cappelle la Grande 1995/EXT 97 (76)}) 9... Bxe5 $146 {
Shabalov reacts to the knight jump in the same way as in his previous game.} (
9... Nxe5 10. dxe5 Bxe5 11. Qe3 Qd6 (11... Qf6 $5) 12. cxd5 cxd5 13. Rd1 $1 {
/\Nc4} b5 {><c4} (13... Rc8 $5) (13... f4 14. gxf4 Bxf4 15. Nc4 Bxh2+ 16. Kh1
Qc7 17. Rd4 $5 (17. Bxd5 $2 Rd8 $1) 17... Bf5 18. Bxd5 $44) 14. a4 a6 15. axb5
axb5 16. h3 Bh5 17. Ra6 $1 Qxa6 18. Qxe5 Rb7 {The only way to maintain
defended the g7- and d5- squares and remove the rook from the attacked square.}
19. Nb3 {[%csl Rc5][%cal Yc5b7,Yc5a6]} Re7 20. Bg5 Kf7 (20... Nf6 $2 21. Bxf6
gxf6 22. Qb8+ $18) 21. g4 $1 {Having a stable control of the dark squares,
White starts undermining the fortress built on light squares, too.} Bg6 (21...
fxg4 $2 22. Bxe7 $18 {[%csl Yh5]}) 22. gxf5 Bxf5 23. Nd4 $1 (23. Ra1 $6 {
(This move only helped Black improve the position of his queen)} Qb7 24. Bxe7 (
24. Nd4 Qc7 $1) 24... Nxe7 25. Nd4 Qb8 26. Qxb8 Rxb8 27. Ra7 Rb6 28. Nxf5 exf5
29. Bxd5+ Kf6 $11 {1/2-1/2 Schulze,U (2354)-Crut,A (2298)/Germany 2002/CBM 088
ext (41)}) 23... Nf6 (23... Bg6 24. Bxe7 Nxe7 25. Qf4+ Bf5 26. Nxf5 exf5 27.
Bxd5+ Nxd5 28. Rxd5 $40) 24. Nxf5 exf5 25. Bxd5+ Nxd5 26. Qxd5+ Qe6 27. Bxe7
Qxd5 (27... Kxe7 28. Qc5+ Kf7 29. Rd6 $40) 28. Rxd5 Kxe7 29. Rxf5 Rb8 $8 30. b4
$18) 10. dxe5 Bxe2 11. Re1 Bh5 (11... Bxc4 12. Nxc4 dxc4 13. Qxc4 Qe7 14. Be3
$32 {[%csl Ye6,Ge8,Gg8,Gh8][%cal Re3a7,Ra1d1,Rd1d6]}) 12. cxd5 cxd5 13. Qa3 Ne7
(13... a6 14. Qd6 Qb6 15. Nb3 $44) 14. Qd6 Rc8 15. Qxe6 $6 {A very tempting
idea, but probably not the best.} (15. Nb3 $1 Rc6 16. Qb4 $44 O-O $140 17. Bg5
Re8 18. Nd4 $36) 15... Rc6 $6 {Now, White's ide will be more or less justified.
} ({Both player might have overlooked that after} 15... Nc5 $1 16. Qd6 Nd3 17.
Rf1 Be2 $17 {[%csl Yc1,Yf1] the white queen alone can hardly do any harm,
while some of the other White pieces are in real danger.}) 16. Qd6 Rxd6 17.
exd6 Ne5 $8 18. dxe7 Qc7 19. Nb3 {The position is highly unclear, but White's
compensation is hardly sufficient for more than equality.} Nd3 20. Re6 Qc2 21.
Be3 Kd7 22. Bf1 Rc8 23. Bxa7 Ke8 24. Be3 Rc4 25. Rd6 Kxe7 26. Rxd5 Be2 27. Nd4
Rxd4 28. Bxd4 Qc4 29. Bc5+ Ke8 30. Bg2 Nxc5 31. Re1 Kf7 32. Re5 Nd3 33. Bd5+
Qxd5 34. Rxd5 Nxe1 35. f4 Bc4 36. Rxf5+ Kg6 37. Rg5+ Kf6 38. b3 Bxb3 39. Kf2
Nd3+ 40. Ke3 Bc4 41. a3 b5 42. a4 h6 43. Rxb5 Bxb5 44. axb5 Nb2 45. Kd4 Na4 46.
Kd5 Kf5 47. Kd6 g6 48. Ke7 Nc3 49. Kf7 Nxb5 50. g4+ Kxg4 51. Kxg6 h5 52. h3+
Kh4 53. f5 Nd4 54. f6 Ne6 55. f7 Nf8+ 56. Kg7 1/2-1/2

[Event "Norway Chess 2nd"]
[Site "Stavanger"]
[Date "2014.06.10"]
[Round "7"]
[White "Svidler, Peter"]
[Black "Agdestein, Simen"]
[Result "1/2-1/2"]
[WhiteElo "2753"]
[BlackElo "2628"]
[Annotator "Marin,M"]
[PlyCount "45"]
[EventDate "2014.06.03"]
[EventType "tourn"]
[EventRounds "9"]
[EventCountry "NOR"]
[EventCategory "21"]
[SourceTitle "CBM 161"]
[Source "ChessBase"]
[SourceDate "2014.07.16"]
[SourceVersion "1"]
[SourceVersionDate "2014.07.16"]
[SourceQuality "1"]

1. Nf3 Nf6 2. g3 d5 3. Bg2 c6 4. d3 Bg4 5. Nbd2 Nbd7 6. h3 Bh5 7. g4 Bg6 8. Nh4
{Not a surprising choice for Svidler, since a few years ago he managed to
defeat Kramnik with this line.} e5 ({The aforementioned game went} 8... e6 9.
e3 {Svidler,P (2739)-Kramnik,V (2781) Moscow 2011 CBM 144 [Marin,M] (1-0, 44).
In my old notes I wrote that 8...e5 "weakens the d5-square, justifying White's
plan directed against the g6-bishop." As we will see in the current game,
things are not that clear.}) 9. e3 Bd6 {Apart from the fact that it
over-defends the (unttacked yet) e5-pawn, this move has some hidden merits,
too.} ({If} 9... Bc5 10. Qe2 O-O {White can consider} 11. Nf1 {since ...e5-e4
would not interfere with the plan based on Nf1-g3.} Ne8 {Laznicka,V (2703)
-Iordachescu,V (2648) Porto Carras 2011 (1/2-1/2, 28)} 12. Nxg6 fxg6 ({It is
safer to keep a pawn on the h-file. If} 12... hxg6 13. h4 $36 {White's attack
is more dangerous.}) 13. h4 {The position is not easy to evaluate, but if
White manages to complete his development (by castling long most likely) his
superior structure may offer him the better chances}) 10. Qe2 Qe7 (10... Ng8 {
loses too much time by forcing White carrying out the exchange he is aiming
for anyway.} 11. Nxg6 hxg6 12. c4 Ne7 13. a3 Qa5 14. O-O $14 {Ianov,V (2327)
-Pergel,L (2237) Zalakaros 2012 (1-0, 62)}) (10... O-O 11. Nxg6 (11. Nf1 $6 {
can be met with} e4 $1 {[%cal Gd6g3]}) 11... fxg6 12. h4 Qe7 13. g5 Nh5 14. c4
$6 ({In a couple of games with similar structure but with reversed colours,
arising from the Bg5 QI, I played ...Rh6-f6 to reduce the opponent's pressure
along the f-file. Here, too,} 14. Rh3 $5 {[%cal Gh3f3] makes some sense.})
14... e4 (14... d4 $5 {[%csl Gf4]} 15. Ne4 Nc5) 15. dxe4 d4 $1 $36 {Short,N 
(2697)-Zhao,Z (2537) Pattaya 2013 (0-1, 65)}) 11. c4 $146 {A natural way of
trying to activate the light-squared bishop.} (11. e4 dxe4 12. Nxg6 hxg6 13.
Nxe4 Nxe4 14. Qxe4 Nc5 15. Qc4 O-O-O $132 {[%csl Ge1,Gf4,Gh4] Nguyen,H (2311)
-Laylo,D (2491) Ho Chi Minh City 2013 (0-1, 26)}) (11. a3 Nb6 (11... a5 12. c4
{might have been an improved version of the main game from White's point of
view, since there would be no check on b4 available.}) 12. c4 O-O-O (12... Bc7
13. b4 $140 a5 14. c5 Na4 $132) 13. b3 (13. b4 $5) 13... dxc4 14. dxc4 Bc7 15.
Nxg6 hxg6 16. Bb2 Nfd7 17. O-O-O Nc5 $15 {[%csl Gb3,Gc1,Gd3] Kritz,L (2571)
-Erdos,V (2523) Differdange 2007 (0-1, 35)}) 11... dxc4 12. Nxc4 Bb4+ {This is
a natural move, of course, but not the only good one. First of all, f1 may
prove a good square for the king, depending on the circumstances.} ({Secondly,
the developing} 12... O-O-O {is playable, too, since} 13. Nxd6+ $2 {would lead
to disaster on d3.} Qxd6 14. Nxg6 hxg6 $17 {[%cal Gd7c5]}) 13. Kf1 Nb6 14. Nxg6
hxg6 15. g5 Nh5 16. Qg4 O-O 17. Nxb6 {This looks like a concession, but
otherwise White risked to lose stability on the light squares.} ({For instance
if} 17. Be4 $2 Nxc4 18. dxc4 f5 $1 19. gxf6 Nxf6 20. Qxg6 Nxe4 21. Qxe4 Qf7 22.
Rh2 Rad8 $40) 17... axb6 {But now there are some problems with completing the
queenside development.} 18. Be4 {A beautiful square for the bishop. However,
most of White's other pieces are undeveloped, reducing his chances for an
advantage.} b5 19. Rg1 Bc5 20. Qd1 {[%cal Gd1b3] It seems that Svidler did not
feel comfortable with his position. He practically suggests a draw by
repetition, but also gives Black a choice to play actively.} (20. Rg2 {[%cal
Gf1g1] looks like a reasonable regrouping, although it is far from clear
whether any of the players can make progress.}) 20... Qe6 (20... f5 $5 21. gxf6
Qxf6 22. Qe2 Qh4 {[%cal Gh5g3]} 23. Ke1 ({It is best to keep the g-file open
since} 23. Kg2 Kh7 $1 {[%csl Gg6]} 24. Bd2 Nf6 {is promising for Black.}) 23...
Bb4+ 24. Bd2 Bxd2+ 25. Qxd2 g5 $13 {[%csl Gf2][%cal Gh5f6] White has the
better structure, but faces some problems of stability and coordination.}) 21.
Qg4 Qe7 22. Qd1 Qe6 23. Qg4 1/2-1/2